| 000 | 00441nam a2200193Ia 4500 | ||
|---|---|---|---|
| 005 | 20240823050046.0 | ||
| 008 | 240823s9999||||xx |||||||||||||| ||und|| | ||
| 020 | _a81-219-2611-4 | ||
| 041 | _aENGLISH | ||
| 082 | _A621.366 Q2 | ||
| 100 | _aSubrahmanyam N et al. | ||
| 245 | 2 | _aA Textbook of Optics | |
| 250 | _a1st | ||
| 260 |
_c2012 _bS Chand & Co |
||
| 500 | _aYES | ||
| 650 |
_aOptics _bPhysics |
||
| 942 | _cBK | ||
| 999 |
_c216384 _d216384 |
||